| 000 | 00969cam a2200337 4500 | ||
|---|---|---|---|
| 001 | J106222 | ||
| 008 | 000000n2000 000 0 eng u | ||
| 035 | _a(Sirsi) u106222 | ||
| 041 | _aeng | ||
| 050 | _a332.6324 | ||
| 050 |
_aAndersen _hArthur |
||
| 100 | _aRobertson, D. | ||
| 110 |
_aInvestment Property Forum _92112 |
||
| 245 | _aProperty Securitisation in the UK | ||
| 260 |
_aLondon, Investment Property Forum _c2000 |
||
| 300 | _a117p. ; 30 cm. | ||
| 650 | _aSECURITISATION | ||
| 650 | _aREITS | ||
| 650 | _aPROPERTY INVESTMENT | ||
| 650 |
_aRESIDENTIAL PROPERTY _96266 |
||
| 650 | _aPROPERTY-COMMERCIAL PROPERTY | ||
| 650 | _aSTAMP DUTY | ||
| 650 | _aCAPITAL GAINS TAX | ||
| 650 | _aLPTS | ||
| 700 | _aScott, A. | ||
| 710 |
_aRoyal Institution of Chartered Surveyors _94900 |
||
| 710 |
_aBritish Property Federation _91604 |
||
| 710 |
_aThe Barkshire Committee _93874 |
||
| 710 |
_aLondon _bCorporation of London _92224 |
||
| 942 | _n0 | ||
| 999 |
_c100538 _d100538 |
||